| 000 | 01106 a2200217 4500 | ||
|---|---|---|---|
| 005 | 20170118145709.0 | ||
| 008 | 090306t xxu||||| |||| 00| 0 hin d | ||
| 010 | _aB-293902-927 HIN-110248 | ||
| 020 |
_a8189068083 9788189068646 _c195.00 |
||
| 035 | _aB-317841 B-293902-927 | ||
| 037 | _b DBAD/DPL | ||
| 040 |
_adpl _bhn |
||
| 082 | _a618.1 | ||
| 100 | _aतिवारी, विनोद कुमार | ||
| 245 |
_aस्त्रियों के प्रमुख रोग और उपचार / _cविनोद कुमार तिवारी |
||
| 260 |
_aदिल्ली _bकिरण प्रकाशन _c2007 |
||
| 270 |
_a85, बलदेव पार्क(नजदीक सनातन धर्म मंदिर) _bदिल्ली _e110051 |
||
| 300 |
_a111पृ _bसचित्र _c22 सेमी (सजिल्द) |
||
| 942 |
_adpl _cHN _2ddc _h618.1 _mतिवारी |
||
| 999 |
_c12696 _d12696 |
||